000 01276cam a2200337 i 4500
001 4652947
003 ARRUPE
005 20160407100103.0
008 800102r1977 enk b 100 0 eng
010 _a 79321952
015 _aGB78-09717
020 _a0853154015 :
_c£2.75
040 _aDLC
_cDLC
_dDLC
041 1 _aengrus
043 _ae-ur-ru
050 0 0 _aPG2925
_b.V7 1934e
082 0 0 _a891.7/09/0042
245 1 0 _aSoviet Writers' Congress 1934 :
_bthe debate on socialist realism and modernism in the Soviet Union /
_c[by] Maxim Gorky ... [et al. ; translated from the Russian ; edited by H. G. Scott].
250 _a[1st ed. reprinted] ; with an index.
260 _aLondon :
_bLawrence and Wishart,
_c1977.
300 _a284 p. ;
_c20 cm.
500 _aFirst ed. published in 1935 under title: Problems of Soviet literature.
504 _aIncludes bibliographical references.
650 0 _aRussian literature
_y20th century
_xCongresses.
_923559
650 0 _aSocialist realism in literature
_xCongresses.
_923560
650 0 _aCommunism and literature
_xCongresses.
_923561
700 1 _aGorky, Maksim [et al]
_d1868-1936.
_923562
700 1 _aScott, H. G.
_923563
906 _a7
_bcbc
_corignew
_d3
_encip
_f19
_gy-gencatlg
942 _2lcc
_cMONOGRAPH
999 _c124534
_d124534